Statistics for Countries where Rain Doesn't Reach the Sea

Click here to take the quiz!

General Stats

  • This quiz has been taken 27 times
    (25 since last reset)
  • The average score is 16 of 21

Answer Stats

%Country% Correct
95Chad
96%
70Iran
87%
60Niger
87%
100Kyrgyzstan
83%
100Tajikistan
83%
85Afghanistan
78%
80Algeria
78%
98Jordan
78%
75Kazakhstan
78%
100Turkmenistan
78%
100Uzbekistan
78%
70Mongolia
74%
55Oman
74%
65Saudi Arabia
74%
100Armenia
70%
100Azerbaijan
70%
60Mauritania
65%
85Botswana
61%
60Georgia
61%
60Egypt
52%
55Namibia
52%

Score Distribution

Percentile by Number Answered

Percent of People with Each Score

Your Score History

You have not taken this quiz since the last reset